[Event "41. Olympiad Tromso 2014 Open"]
[Site "TromsÃÂ¸"]
[Date "2014.08.03"]
[Round "2"]
[White "Guerrero Vargas, Andres"]
[Black "Polgar, Judit"]
[Result "0-1"]
[WhiteElo "2318"]
[BlackElo "2676"]
[EventDate "2014.??.??"]
[Annotator "Marin,Mihail"]
[PlyCount "68"]
[EventCountry "NOR"]
[WhiteTeam "Venezuela"]
[BlackTeam "Ungarn"]
[WhiteTeamCountry "VEN"]
[BlackTeamCountry "HUN"]

1. e4 c5! {The Sicilian has been one of Judit's greatest chess loves ever 
since her childhood. Surely, there are some solid openings around, but why
not remain true to her style?!} 2. Nf3 e6 3. d4 cxd4 4. Nxd4 Nc6 5. Nc3 a6
6. f4 Nge7 {This way of developing was advocated by former World title 
Candidate Mark Taimanov.} 7. Nf3 b5 8. a3 Bb7 9. Bd3 Ng6 10. O-O Qc7 11. 
Ng5 f6 ( {Judit was not keen to fall under the kind of attack she would 
gladly launch hersefl after:} 11. ... h6 12. Nxf7 Kxf7 13. Qh5 ) 12. Nh3 
Bc5+ 13. Kh1 O-O-O {Quite a brave move, openly aiming at sharp, almost 
irrational play with opposite castles.} ( 13. ... O-O {would offer Black 
pleasant play at no risk.} ) 14. Qh5 Nce7 15. Qe2 e5 ( {After the game, 
Judit indicated} 15. ... Rhe8 {followed by ... d7-d5 as a safer 
alternative. But this was not meant to be a safe game at all!} ) 16. fxe5 
{A curious decision, giving up the e5-square for the sake of activating 
the h3-knight.} 16. ... Nxe5 17. Nf4 h5 18. a4 {[#] The last two moves are
symmetrical, but the impact of White's move is stronger, as it threatens 
opening the queenside at once.} 18. ... g5! {Doubtlessly Judit's favourite
move (together with g2-g4). In her games, the resolute advance of the 
g-pawn may have all kind of tactical or strategic aims, such as gaining 
space or weakening the enemy structure. In this case, she intends to clear
the h2-b8 diagonal in order to continue the attack with ... Ng4.} 19. axb5
! {But White does not cooperate and bravely sacrifices a piece for the 
sake of speeding up his own attack.} 19. ... gxf4 20. bxa6 Bc6 21. Bxf4 
Rdg8 {The position looks completely chaotical. None of the players has 
concrete threats yet, and the mutual attacks ned to be built up still.} 
22. Bc4 Rg4 23. Nd5 Bxd5 24. Bxd5 Nxd5 25. exd5 Kb8!? {The king is rushing
into the corner, where it will get relative safety, blocking the 
potentially dangerous a6-pawn at the same time.} 26. Rf3 Ka8 27. h3 {[#]} 
27. ... Rhg8 {It is hard to evaluate this move. Objectively, it is not 
entirely sound, but in a practical game it is the kind of guarantee for 
brilliancy. By attacking g2, Black practically forces White to take the 
rook, but this is less dangerous than it looks at first sight.} ( 27. ... 
d6 {would have ensured safety along the long light diagonal, maintaining 
the attacking chances intact.} ) 28. d6! ( {A strong intermediate move, 
kindly declining the invitation to a cooperative mate after} 28. hxg4 hxg4
29. Rc3 Rh8+ 30. Bh2 Rxh2+ 31. Kxh2 Nf3+ 32. Kh1 Qh2# ) 28. ... Qc6 ( {If}
28. ... Qxd6 29. hxg4 hxg4 30. Qe4+ {Black is forced to exchange queens 
with} 30. ... Qc6 {with rather questionable compensation for the material.
} ) 29. hxg4 hxg4 30. Rc3 ( {As indicated by Judit,} 30. Re3 {would not 
offer adequate defence due to} 30. ... Rh8+ 31. Kg1 Qe4 ) 30. ... Rh8+ 31.
 Bh2 Qxd6 {Renewing the threat of ...Rxh2+ with the familiar mating 
pattern.} 32. Qe4+ Nc6 {[#]The critical moment. White has two ways of 
preventing mate on h2. Which one would you choose?} 33. g3? {Missing a 
trademark Judit trick.} ( {Instead, the kamikadze} 33. Rh3! {would parry 
the threats with a winning position. But this is not the first time (and 
definitely not the last) when Caissa smiles to the brave ones...} ) 
33. ... Rxh2+! 34. Kxh2 Qd2+ {There is no defence against ...Qh6+ followed
by ...Qh3 mate! Under pressure, it is easy to underestimate the high 
mobility of Her Majesty. Not a perfect game, but surely a proof that chess
can and should be fun above all!} 0-1

[Event "Olympiad w 2014"]
[Site "Tromso NOR"]
[Date "2014.08.03"]
[Round "2.1"]
[White "Havlikova, Kristyna"]
[Black "Socko, Monika"]
[Result "0-1"]
[WhiteElo "2215"]
[BlackElo "2470"]
[EventDate "2014.08.02"]
[Annotator "Vokac,Marek"]
[PlyCount "64"]
[WhiteTeam "CZE"]
[BlackTeam "POL"]
[WhiteTeamCountry "CZE"]
[BlackTeamCountry "POL"]

1. e4 g6 2. d4 d6 3. Nc3 Bg7 4. Be3 a6 5. f4 Nd7 6. Nf3 b5 7. Qd2 Bb7 8. 
a3 ( 8. Bd3 ) ( 8. e5! Nh6 9. Bd3 ) 8. ... Nb6 ( 8. ... c5 9. dxc5 Nxc5 
10. e5 Ne6 11. Bd3 Nh6 12. O-O-O dxe5 13. Nxe5 O-O 14. Rhe1 Qc7 = ) 9. d5 
Nf6 10. Nd4 Rc8 11. O-O-O O-O 12. Be2 Qd7 13. Nb3?! {Nechci se dámám do 
svého zahájení moc plést, Sd3 místo a3 je asi lepÅ¡í, a manévr Jb6 se mi 
moc nelíbí. TeÄ� ale bílá zbyteÄ�nÄ› opouÅ¡tí centrum, preventivní} ( 13. 
Kb1 {nebo vývin vÄ›Å¾e do centra by mÄ›lo být uÅ¾iteÄ�nÄ›jÅ¡í.} ) ( 13. 
Rhe1 c5 14. dxc6 Bxc6 15. Nxc6 Qxc6 16. Bf3 Nc4 17. e5 Qc7 18. exf6 Bxf6! 
( 18. ... Nxd2?! 19. fxg7 Nb3+ 20. cxb3 Rfd8 ) 19. Qd3 Nxb2 20. Kxb2 Bxc3+
21. Ka2 -/+ Bxe1 22. Rxe1 Qxc2+ -/+ ) 13. ... c5 14. dxc6 Qxc6 15. Na5 Qc7
16. Nxb7 Qxb7 {Bílá si spoÄ�ítala tuto zápletku, ale nesprávnÄ› zhodnotila
vzniklou pozici. PÄ›Å¡ec e4 se totiÅ¾ bude obtíÅ¾nÄ› krýt, Ä�erná 
disponuje skokem Jc4 i potenciálem obÄ›ti kvality na c3 a je lépe 
pÅ™ipravena na aktivní hru na dámském kÅ™ídle.} 17. Bd4? ( 17. Bxb6 Qxb6 
18. Nd5 Nxd5 19. exd5 =+ {je takový boj o remízu, ve kterém si Ä�erná 
mÅ¯Å¾e zkusit zaútoÄ�it na dámském kÅ™ídle.} ) ( 17. e5 dxe5 18. fxe5 Nfd7
19. Bf3 ) 17. ... Nc4 18. Bxc4 Rxc4 19. Rhe1 Rfc8 20. e5 {DalÅ¡ím 
nepÅ™íemným dÅ¯sledkem zahájení je skuteÄ�nost, Å¾e bílá jiÅ¾ teÄ� 
vyÄ�erpala skoro celou svou Ä�asovou rezervu a zbytek partie bude hrát v 
silné Ä�asové tísni.} ( 20. Bxf6 Bxf6 21. e5 dxe5 22. fxe5 Bg7 23. Qd5 Qc7
-/+ {bílé pozici také neusnadní.} ) 20. ... Ng4 21. Qe2 dxe5 22. fxe5 Nh6 
23. g4 a5 24. b3? {Zápletka bílou nevysvobodí. NadÄ›jnÄ›jÅ¡í snad bylo} ( 
24. Qe4!? Qxe4 25. Rxe4 b4 26. axb4 axb4 27. Nd5 Rxc2+ 28. Kb1 Bf8 29. h3 
e6 30. Nf6+ Kh8 31. Bc3! b3 32. Re3 {zde má bílá díky Å¡patné souhÅ™e 
Ä�erných figur dobré Å¡ance na udrÅ¾ení partie.} ) 24. ... Rxc3 25. Bxc3 
Rxc3 26. Rd8+ Bf8 27. Qd2 Qc7! 28. Rxf8+ Kxf8 29. Qxh6+ Kg8 30. Qd2 {
PÄ›Å¡ce zachránit nejde, zbytek vykoná Ä�asová tíseÅˆ.} 30. ... Rxb3 31. 
e6 fxe6 32. Qe2? ( 32. Rxe6 Rxa3 33. Qd5 Kf8 -+ ) 32. ... Qf4+ ( 32. ... 
Qf4+ 33. Qd2 Rb1+ -+ ) 0-1

[Event "Olympiad w 2014"]
[Site "Tromso NOR"]
[Date "2014.08.03"]
[Round "2.2"]
[White "Zawadzka, Jolanta"]
[Black "Olsarova, Karolina"]
[Result "1-0"]
[WhiteElo "2398"]
[BlackElo "2237"]
[EventDate "2014.08.02"]
[Annotator "Vokac,Marek"]
[PlyCount "103"]
[WhiteTeam "POL"]
[BlackTeam "CZE"]
[WhiteTeamCountry "POL"]
[BlackTeamCountry "CZE"]

1. e4 e5 2. Nf3 Nc6 3. Bb5 a6 4. Ba4 Nf6 5. O-O Nxe4 6. d4 b5 7. Bb3 d5 8.
 dxe5 Be6 9. Nbd2 Bc5 10. Qe2!? Bf5 11. Nxe4 Bxe4 12. a4 {Mám takový 
pocit, Å¾e bílá Å¡ikovnÄ› vyklouzla z domácí pÅ™ípravy a se vzniklou 
pozicí si rozumí lépe neÅ¾ Ä�erná.} 12. ... Rb8 13. axb5 axb5 14. Be3 Bxe3
15. Qxe3 O-O 16. Ng5 Bf5 {Asi bylo na Ä�ase pÅ™ejít do fáze Å¡ejdÄ›ní} ( 
16. ... Nxe5!? 17. f3 Bf5 18. Qxe5 Qxg5 19. g4 g6 20. Rf2 c6 21. h4 Qxh4 
22. gxf5 Rfe8 23. Qc3 += {z takové pozice by se mohly zrodit pro bílou 
nÄ›jaké problémy. PrávÄ› Karolína vÅ¡ak z naÅ¡ich hráÄ�ek podobný styl hry
vyhledává nejménÄ›.} ) 17. Rfd1 ( 17. e6!? ) 17. ... Be6?! {Pasivní obrana
zde nemá valnou Å¡anci na úspÄ›ch.} ( 17. ... Ne7 18. e6 f6 += {také není 
Å¾ádný zázrak, ale bílá se bude muset více snaÅ¾it.} ) 18. f4 h6 19. Nf3 
Ra8?! {ÚpornÄ›jÅ¡í obranou bylo} ( 19. ... Rb6 += ) 20. Qc5 Qd7 21. Rxa8 
Rxa8 22. Qxb5 Nxe5 23. Nd4? {VáÅ¾ný omyl. Jasnou výhodu pÅ™ináÅ¡í} ( 23. 
Qxd7 Nxf3+ 24. Kf2 Bxd7 25. Bxd5 +/- ) 23. ... Nc4 24. f5 Qxb5 25. Nxb5 
Bxf5 26. Nxc7 {LepÅ¡í bylo} ( 26. Rxd5 Ne3 27. Rc5 Bd7 28. Nxc7 Ra7 += {
Ä�erná vÅ¡ak má Å¡anci uloupit pÄ›Å¡ce b2 a dále úspÄ›Å¡nÄ› vzdorovat.} ) 
26. ... Ra7? {DalÅ¡í Å¡anci uÅ¾ ale Ä�erná nedostane. Také v této partii 
naÅ¡í reprezentantce zaÄ�al docházet Ä�as na rozmýÅ¡lení a nenaÅ¡la 
správné} ( 26. ... Ne3! 27. Nxa8 ( 27. Rd2 Rc8 28. Nxd5 Nxd5 29. Bxd5 Bxc2
=, quiet ) 27. ... Nxd1 28. c4 Nxb2 29. cxd5 g6 =, quiet {s 
pravdÄ›podobnou remízou.} ) 27. Nxd5 Ne5 28. Re1 Nc6 29. Re8+ Kh7 30. Ne3 
Bg6 31. Kf2 +/- {Dva volní pÄ›Å¡ci na dámském kÅ™ídle by mÄ›li být 
zárukou výhry. ÄŒerná sice zdolá Ä�asovou tíseÅˆ, ale hodnocení pozice 
nezmÄ›ní.} 31. ... Nd4 32. Rb8 Nxb3 33. Rxb3 Be4 34. c4 f5 35. g3 g5 36. 
Rb6 Ra1 37. Rd6 Rb1 38. Rd2 h5 ( 38. ... Kg6 +/- ) 39. Nd1 +- Bc6 40. Nc3 
Rc1 41. Ke3 h4 42. Kd4 f4 43. gxh4 g4 44. Nd5 f3 45. Nf6+ Kg7 46. Nxg4 Re1
47. Nf2 Rb1 48. Kc5 Be8 49. b4 Bg6 50. b5 Re1 51. b6 Re2 52. Rd7+ 1-0

[Event "Olympiad w 2014"]
[Site "Tromso NOR"]
[Date "2014.08.03"]
[Round "2.3"]
[White "Sikorova, Olga"]
[Black "Szczepkowska-Horowska, Karina"]
[Result "1/2-1/2"]
[WhiteElo "2289"]
[BlackElo "2380"]
[EventDate "2014.08.02"]
[Annotator "Vokac,Marek"]
[PlyCount "83"]
[WhiteTeam "CZE"]
[BlackTeam "POL"]
[WhiteTeamCountry "CZE"]
[BlackTeamCountry "POL"]

1. e4 e5 2. Bc4 Nf6 3. d3 Nc6 4. Nc3 Na5 5. Nge2 c6 6. Bg5 h6 7. Bxf6 Qxf6
8. O-O Be7 9. f4?! {Celý manévr s výmÄ›nou Ä�ernopolného stÅ™elce 
nevypadá pÅ™íliÅ¡ dobÅ™e, bílá si vytváÅ™í pár slabých pÄ›Å¡cÅ¯ bez 
viditelné kompenzace.} 9. ... Nxc4 10. dxc4 exf4 11. Rxf4 Qg5 =+ 12. Qd3 
d6 13. Raf1 Qc5+ 14. Kh1 Be6 15. b3 Bf6 16. Na4 ( 16. Nd1 ) 16. ... Qe5 
17. Rd1 O-O-O 18. Nac3 h5 19. Rff1 h4 20. Nd4 {LogiÄ�tÄ›jÅ¡í by bylo} ( 
20. h3 {, ale bílé se zÅ™ejmÄ› nelíbilo pokraÄ�ování nástupu Ä�erné tahem}
20. ... g5 {Bílá si prakticky jen vybírá mezi obtíÅ¾nými pozicemi, ve 
kterých mÅ¯Å¾e jen bojovat o rovnováhu.} ) 20. ... h3 21. g3 Rhe8?! ( 
21. ... Bg4 -/+ ) 22. Nxe6! {Bílá vymyslela vtipný manévr, kterým se 
Ä�ásti problémÅ¯ zbaví.} 22. ... Rxe6 23. Ne2 Qxe4+ 24. Qxe4 Rxe4 25. Ng1!
Re5 26. Nxh3 Re2 =+ 27. Rf2 Rde8 {NepÅ™íjemnÄ›jÅ¡í by asi bylo} ( 27. ... 
Rxf2 28. Nxf2 Re8! 29. Rxd6 Re2 30. Ng4 Bd8 =+ ) 28. Kg2 Kc7 29. a4 R2e4 
30. Ng1 R8e7 31. Nf3 Bc3 32. Rd3 =, quiet {Koordinace bílých figur se 
výraznÄ› zlepÅ¡ila, volný sloupec v rukách Ä�erných vÄ›Å¾í jiÅ¾ není tak 
hrozivý. Nedostatek Ä�asu v podobné pozici se dá rozumným zpÅ¯sobem 
zvládnout. ÄŒerná ovÅ¡em hraje s vÄ›domím, Å¾e remíza staÄ�í k zápasové 
výhÅ™e.} 32. ... Bb4 33. c3 Bc5 34. Nd4 a5 35. h4 Re1 36. Kh3 f6 37. Rff3 
R7e4 38. Kg2 Re8 39. Rf1 R1e4 40. Rff3 Re1 41. Rf1 R1e4 42. Rff3 1/2-1/2

[Event "Olympiad w 2014"]
[Site "Tromso NOR"]
[Date "2014.08.03"]
[Round "2.4"]
[White "Kulon, Klaudia"]
[Black "Olsarova, Tereza"]
[Result "0-1"]
[WhiteElo "2301"]
[BlackElo "2271"]
[EventDate "2014.08.02"]
[Annotator "Vokac,Marek"]
[PlyCount "54"]
[WhiteTeam "POL"]
[BlackTeam "CZE"]
[WhiteTeamCountry "POL"]
[BlackTeamCountry "CZE"]

1. e4 e5 2. Nf3 Nc6 3. Bc4 Bc5 4. c3 Nf6 5. d4 exd4 6. e5 d5 7. Bb5 Ne4 8.
 cxd4 Bb6 9. Nc3 O-O 10. Be3 Bg4 11. Bxc6 bxc6 12. Qa4 Qd7 13. Qa3?! {
Celou variantu zkouÅ¡el pÅ™ed lety oÅ¾ivit Bartek Macieja, ten by ale 
jistÄ› zahrál} ( 13. Nxe4 dxe4 14. Nd2 Rad8 =, quiet ) 13. ... Qf5 =+ 14. 
Ng1 Bh5 {JiÅ¾ zde mohlo koncepcí bílé otÅ™ást tvrdé} ( 14. ... f6! {s 
pointou} 15. h3? Nxf2! ( 15. ... fxe5!? ) 16. hxg4 Nxg4 17. Nce2 Ba5+! -+ 
) 15. Nce2? {Bílá pokraÄ�uje v závinu svých figur. Jako nutnost se jeví} (
15. h3 Nxc3 16. Qxc3 Qe4 17. f3 Qh4+ 18. Kf1 =, quiet {s bojem o 
rovnováhu.} ) ( 15. Nge2 Nxc3 16. Ng3 Qd3 17. Qxc3 Qxc3+ 18. bxc3 = ) 
15. ... f6! 16. exf6? ( 16. e6 Rfe8 -/+ ) 16. ... Rxf6 -+ {ÄŒerné figury 
jsou seÅ¡ikovány k mohutnému útoku.} ( 16. ... Qxf6! 17. Nf3 Bxf3 18. gxf3
Qxf3 19. Rf1 Rae8 -+ ) 17. Nf4 ( 17. f3 Nd6 18. Ng3 Qg6 -+ ) 17. ... Re8 (
17. ... Nxf2! 18. Nxh5 Re6 19. Ng3 Qc2 20. Qb3 Qxb3 21. axb3 Nxh1 -+ ) 18.
 Nxh5? ( 18. Nf3 c5 19. Nxh5 Qxh5 ) 18. ... Qxh5 19. Nf3 Rxf3! {Takové 
obÄ›ti neÄ�iní Ä�erné potíÅ¾e.} 20. gxf3 Qxf3 21. Rg1 ( 21. O-O Re6 22. 
Bg5 Qxa3 23. bxa3 Nxg5 -+ ) 21. ... Nxf2! ( 21. ... Bxd4! -+ ) 22. Rg3 Qf5
23. Ke2 {Jen zázrak by mohl zachránit pozici bílé.} 23. ... Bxd4 24. Rf3 
Qc2+ 25. Kf1 Bxb2 26. Qxa7 Ng4 27. Rg3 Rf8+ 0-1

[Event "41. Olympiad Open 2014"]
[Site "Tromso NOR"]
[Date "2014.08.04"]
[Round "3.1"]
[White "Navara, David"]
[Black "Ghaem Maghami, Ehsan"]
[Result "1-0"]
[WhiteElo "2716"]
[BlackElo "2594"]
[EventDate "2014.08.02"]
[PlyCount "83"]

1. e4 e5 2. Nf3 Nc6 3. Bb5 a6 4. Ba4 Nf6 5. O-O Be7 6. Re1 b5 7. Bb3 d6 8.
 c3 O-O 9. h3 Bb7 10. d4 Re8 11. Nbd2 Bf8 12. a3 h6 13. Bc2 Nb8 14. a4 {
VÅ¡e je hluboká teorie. Tah z partie je ménÄ› Ä�astý neÅ¾ tahy b-pÄ›Å¡cem,
ale zahráli ho uÅ¾ i IvanÄ�uk, Karjakin Ä�i Bologan.} 14. ... Nbd7 15. Bd3
c6 16. Qc2 Qc7 17. b3 d5 ( {Partie Alekseev-Inarkiev pokraÄ�ovala} 17. ...
 g6 18. Bb2 Rac8 19. axb5 axb5 20. b4 {a skonÄ�ila brzkou remízou.} ) 18. 
dxe5 Nxe5 19. Nxe5 Qxe5 20. Nf3 Qc7 21. e5 {Správná reakce, bílý 
získává mírnou prostorovou pÅ™evahu.} 21. ... Nd7 22. Bf4 Nc5 23. Nd4 Nxd3
24. Qxd3 c5 25. Nf5 Qc6 26. Nd6?! ( {PÅ™esnÄ›jÅ¡í bylo} 26. Qg3 ) 26. ... 
d4? ( {Na místÄ› bylo} 26. ... c4! 27. bxc4 ( 27. Qd4 Bxd6 28. exd6 cxb3 
29. axb5 axb5 -/+ ) 27. ... dxc4 28. Qf1 Bxd6 29. exd6 =, quiet {s rovnou 
hrou.} ) 27. f3 Bxd6 28. exd6 {Na Å¡achovnici zbyli rÅ¯znobarevní 
stÅ™elci, ale labilní Ä�erní pÄ›Å¡ci a silný d-pÄ›Å¡ec komplikují 
Ä�ernému situaci.} 28. ... bxa4 29. cxd4 axb3 ( 29. ... Rxe1+ 30. Rxe1 a3
!? 31. Rc1! +/- ) 30. Qxb3 cxd4? ( {HratelnÄ›ji vypadá} 30. ... c4 31. Qc3
Rxe1+ 32. Rxe1 Qb5 33. Re7 Bc6 {, ale stejnÄ› má bílá pozice pÅ™ednost.} )
31. Rxe8+ Rxe8 32. Rc1 {ÄŒernou pozici uÅ¾ nejde zachránit.} 32. ... Qd7 
33. Rc7 Qf5 34. d7 Rd8 ( 34. ... Re1+ 35. Kf2 +- ) 35. Qxb7 Qxf4 36. Rc8! 
{VÄ›Ä�Åˆák se konat nebude.} 36. ... Qe3+ 37. Kh1 Qe1+ 38. Kh2 Qe5+ 39. f4
Qxf4+ 40. g3 Qd2+ 41. Qg2 Qa5 42. Qc2 1-0

[Event "41. Olympiad Open 2014"]
[Site "Tromso NOR"]
[Date "2014.08.04"]
[Round "3.2"]
[White "Moradiabadi, Elshan"]
[Black "Laznicka, Viktor"]
[Result "0-1"]
[WhiteElo "2598"]
[BlackElo "2676"]
[EventDate "2014.08.02"]
[PlyCount "54"]

1. Nf3 d5 2. d4 Nf6 3. c4 c6 4. e3 a6 5. Bd3 Bg4 6. Nbd2 e6 7. Qc2 dxc4 {
Slovanská obrana dámského gambitu s a6 patÅ™í uÅ¾ nÄ›kolik let do 
Viktorova repertoáru. Proto si mÅ¯Å¾e dovolit "experimentovat" a zahrát 
rÅ¯zné podvarianty. Tah z partie je pÅ™edevÅ¡ím specialitou Ä�ínského GM 
Ni Huy. Viktor mÄ›l tuto pozici s Dreevem v Ä�ervnu tohoto roku na MS v 
rapidu.} ( {ObvyklejÅ¡í je} 7. ... Nbd7 ) 8. Qxc4 {Logická novinka, 
pÅ™edchÅ¯dci brali na c4 lehkou figurou.} 8. ... Nbd7 9. h3 Bh5 10. b4 Bd6
11. O-O Qe7 12. Rb1 O-O 13. e4 e5 {Pozice sice nová, ale docela typická 
pro rÅ¯zné varianty Dámského gambitu. PÅ™ibliÅ¾nÄ› vyrovnaná.} 14. dxe5 
Bxe5!? {Zajímavý (nÄ›kdo by napsal nekorektní :-)) nápad zamotat pozici.} 
( {ObyÄ�ejné} 14. ... Nxe5 15. Nxe5 Bxe5 16. f4 Bc7 17. Nf3 {bílému 
vrásky nepÅ™idá.} ) 15. Nh4 Rad8 16. Nf5 Qe8 17. f4?! {Hrozná chyba, 
která má ode mÄ› jen pochybník, protoÅ¾e v pozici má bílý neÄ�ekanou 
výmluvu. OsobnÄ› se vÅ¡ak domnívám, Å¾e po tomto tahu bylo po partii, 
protoÅ¾e otÅ™esený bílý se po ViktorovÄ› reakci uÅ¾ nevzpamatoval.} ( {
Správné bylo profylaktické} 17. Qb3 {a Viktor by musel prokázat správnost 
své koncepce.} ) 17. ... Bxf4 18. Nf3?? {A otÅ™esený bílý není schopen se 
zkoncentrovat a zamyslet se.} ( {Kdyby to byl udÄ›lal, moÅ¾ná by naÅ¡el 
neskuteÄ�ný poÄ�ítaÄ�ový Å¡ejd} 18. Rxf4 Ne5 19. Qc5! {(pÅ™ímo do vidle)} 
19. ... Nxd3 20. Nxg7!! {a bílá pozice se neuvÄ›Å™itelnÄ› drÅ¾í, 
napÅ™íklad} 20. ... Qd7 ( {nebo} 20. ... Kxg7 21. Qg5+ Bg6 22. Qxf6+ Kg8 
23. Nf3 Nxf4 24. Bb2 ) ( {nebo} 20. ... Nxc5 21. Nxe8 Rfxe8 22. bxc5 ) 21.
 Nxh5! ) 18. ... Bb8 {TeÄ� má Viktor dÅ¯leÅ¾itého pÄ›Å¡ce navíc a 
psychickou pohodu na svoji stranÄ›. NaÅ¡emu reprezentantovi nedÄ›lalo 
Å¾ádný problém dovést partii do vítÄ›zného konce.} 19. Bc2 Bg6 20. Bb2? ( 
20. N3h4 -/+ ) 20. ... Bxf5 21. exf5 Qe3+ 22. Kh1 Nh5 23. Rfe1 Ng3+ 24. 
Kh2 Ne4+ 25. Kh1 Nf2+ 26. Kg1 Nxh3+ 27. Kh1 Qg1+ {Efektní duÅ¡ák na 
závÄ›r.} 0-1

[Event "41. Olympiad Open 2014"]
[Site "Tromso NOR"]
[Date "2014.08.04"]
[Round "3.4"]
[White "Golizadeh, Asghar"]
[Black "Babula, Vlastimil"]
[Result "1-0"]
[WhiteElo "2490"]
[BlackElo "2549"]
[EventDate "2014.08.02"]
[PlyCount "45"]

1. e4 c5 2. Nf3 Nc6 3. Bb5 e6 4. Bxc6 bxc6 5. d3 Ne7 6. h4!? {Jak tento 
neortodoxní tah vysvÄ›tlit dÄ›tem? DoporuÄ�uju vÅ¯bec neukazovat... :-)} 
6. ... f6!? {No a s tímto hrávaným tahem mám jeÅ¡tÄ› vÄ›tÅ¡í vnitÅ™ní 
problém, neboÅ¥ jej nejsem schopen vysvÄ›tlit ani sám sobÄ›.} ( {ProÄ� 
bych mÄ›l v pozici po} 6. ... d6 7. Be3 {hrát} 7. ... f6 {?} ) ( {
Nemyslím si, Å¾e by varianta} 6. ... d6 7. e5 {mÄ›la být aÅ¾ takový 
problém, viz partie Oratovsky-Bruzon.} ) 7. Be3 d6 8. h5 e5 9. h6 g5 {
Drzý h-pÄ›Å¡ec doÅ¡el aÅ¾ na h6, zatímco ti Ä�erní se seÅ¡ikovali do tvaru
souhvÄ›zdí Kassiopeii. DalÅ¡í prÅ¯bÄ›h bude velice konkrétní a hodnÄ› 
sloÅ¾itý. Takhle se hrají moderní Å¡achy!} 10. Nbd2 Ng6 11. c3 Be7 12. d4 
cxd4 13. cxd4 O-O ( {K maximálnímu vyostÅ™ení by doÅ¡lo po} 13. ... d5 {
Ilustrativní varianta je} 14. dxe5 fxe5 15. Qc2 g4 16. Nxe5 Nxe5 17. Bd4 
Bf6 18. Bxe5 Bxe5 19. Qxc6+ Bd7 20. Qxd5 {prý s rovnou hrou... No neberte 
to zas tak váÅ¾nÄ›...} ) 14. O-O Kh8 15. Qc2 Bd7?! {Tady nÄ›kde zaÄ�al 
Vlasta ztrácet nit.} ( {Lépe vypadá} 15. ... g4 16. Nh2 exd4 17. Bxd4 c5 
18. Bc3 Ne5 {nadále s nepÅ™ehlednou pozicí.} ) 16. Rfd1 Nf4 17. Nc4 Qe8 
18. dxe5 dxe5 19. Nh2 Be6 20. Nd6 Qh5 21. Qxc6 g4? ( {Nutná byla likvidace
drzouna} 21. ... Qxh6 {Po} 22. Nf5 Bxf5 23. exf5 Rac8 {se mi vÅ¡ak od oka 
líbí víc bílá pozice.} 24. Qa6 ) 22. Qc7! {Hrozba matu na g7 teÄ� bude 
stát Ä�erného materiál. PÄ›Å¡ec h6 dosáhl své nirvány.} 22. ... Ng6 ( {
NestaÄ�í ani} 22. ... g3 23. fxg3 Ne2+ 24. Kf2 Nxg3 {pro} 25. Nf3! ) 23. 
Nf1 {ÄŒerné figurky jsou nyní pozoruhodnÄ› smotané a proti pÅ™evodu jezdce
pÅ™es g3 na f5 zcela bezbranné. Vlastovo vzdání nebylo niajk pÅ™edÄ�asné.}
1-0